<?xml version="1.0" encoding="UTF-8"?>
<record
    xmlns:xsi="http://www.w3.org/2001/XMLSchema-instance"
    xsi:schemaLocation="http://www.loc.gov/MARC21/slim http://www.loc.gov/standards/marcxml/schema/MARC21slim.xsd"
    xmlns="http://www.loc.gov/MARC21/slim">

  <leader>01858nam a2200241Ia 4500</leader>
  <controlfield tag="003">OSt</controlfield>
  <controlfield tag="005">20251105124807.0</controlfield>
  <controlfield tag="008">210210b2008   xxu||||| |||| 00| 0 eng d</controlfield>
  <datafield tag="020" ind1=" " ind2=" ">
    <subfield code="a">8177132199</subfield>
  </datafield>
  <datafield tag="040" ind1=" " ind2=" ">
    <subfield code="c">AL</subfield>
  </datafield>
  <datafield tag="041" ind1=" " ind2=" ">
    <subfield code="a">Kannada</subfield>
  </datafield>
  <datafield tag="082" ind1=" " ind2=" ">
    <subfield code="a">305.895487K KANH</subfield>
  </datafield>
  <datafield tag="100" ind1=" " ind2=" ">
    <subfield code="a">KANNADA PUSTAKA PRADHIKARA</subfield>
    <subfield code="d">&#xC95;&#xCA8;&#xCCD;&#xCA8;&#xCA1; &#xCAA;&#xCC1;&#xCB8;&#xCCD;&#xCA4;&#xC95; &#xCAA;&#xCCD;&#xCB0;&#xCBE;&#xCA7;&#xCBF;&#xC95;&#xCBE;&#xCB0;</subfield>
    <subfield code="9">244127</subfield>
  </datafield>
  <datafield tag="245" ind1=" " ind2=" ">
    <subfield code="a">Handi jogi</subfield>
    <subfield code="b">&#xCB9;&#xC82;&#xCA1;&#xCBF; &#xC9C;&#xCCB;&#xC97;&#xCBF;</subfield>
  </datafield>
  <datafield tag="260" ind1=" " ind2=" ">
    <subfield code="a">Bengaluru</subfield>
    <subfield code="b">Kannada Pustaka Pradhikara</subfield>
    <subfield code="c">2008</subfield>
  </datafield>
  <datafield tag="300" ind1=" " ind2=" ">
    <subfield code="a">xxx,122</subfield>
  </datafield>
  <datafield tag="520" ind1=" " ind2=" ">
    <subfield code="a">&#xC9C;&#xCBE;&#xCA8;&#xCAA;&#xCA6; &#xCAE;&#xCCC;&#xC96;&#xCBF;&#xC95; &#xC9A;&#xCB0;&#xCBF;&#xCA4;&#xCCD;&#xCB0;&#xCC6;&#xCAF; &#xCAA;&#xCCD;&#xCB0;&#xC95;&#xCBE;&#xCB0; &#xCA4;&#xCAE;&#xCCD;&#xCAE;&#xCA8;&#xCCD;&#xCA8;&#xCC1; &#xCAE;&#xCA7;&#xCCD;&#xCAF;&#xCAE; &#xCAA;&#xCBE;&#xC82;&#xCA1;&#xCB5;&#xCA8;&#xCBF;&#xC82;&#xCA6; &#xCAE;&#xCC1;&#xC82;&#xCA6;&#xCC1;&#xCB5;&#xCB0;&#xCC6;&#xCA6; &#xCB8;&#xCAE;&#xCC1;&#xCA6;&#xCBE;&#xCAF; &#xC8E;&#xC82;&#xCA6;&#xCC1; &#xCB9;&#xC82;&#xCA1;&#xCBF;&#xC9C;&#xCCB;&#xC97;&#xCBF; &#xCB8;&#xCAE;&#xCC1;&#xCA6;&#xCBE;&#xCAF;&#xCB5;&#xCC1; &#xC97;&#xCC1;&#xCB0;&#xCC1;&#xCA4;&#xCBF;&#xCB8;&#xCBF;&#xC95;&#xCCA;&#xC82;&#xCA1;&#xCBF;&#xCA6;&#xCC6;. &#xCAE;&#xCB9;&#xCBE;&#xCB0;&#xCB7;&#xCCD;&#xC9F;&#xCCD;&#xCB0; &#xC95;&#xCA1;&#xCC6;&#xCAF;&#xCBF;&#xC82;&#xCA6; &#xC95;&#xCB0;&#xCCD;&#xCA8;&#xCBE;&#xC9F;&#xC95;&#xC95;&#xCCD;&#xC95;&#xCC6; &#xC97;&#xCC1;&#xCB3;&#xCC6; &#xCAC;&#xC82;&#xCA6; &#xC88; &#xCB8;&#xCAE;&#xCC1;&#xCA6;&#xCBE;&#xCAF;&#xCB5;&#xCC1; &#xC95;&#xCB0;&#xCCD;&#xCA8;&#xCBE;&#xC9F;&#xC95;&#xCA6;&#xCB2;&#xCCD;&#xCB2;&#xCBF; &#xCAE;&#xCB0;&#xCBE;&#xCA0;&#xCBF;&#xCAF;&#xCCA;&#xC82;&#xCA6;&#xCBF;&#xC97;&#xCC6; &#xCA4;&#xCAE;&#xCCD;&#xCAE; &#xCB8;&#xCCD;&#xCA5;&#xCB3;&#xCC0;&#xCAF; &#xCAD;&#xCBE;&#xCB7;&#xCC6;&#xCAF;&#xCA8;&#xCCD;&#xCA8;&#xCC1; &#xCAE;&#xCBE;&#xCA4;&#xCA8;&#xCBE;&#xCA1;&#xCC1;&#xCA4;&#xCCD;&#xCA4;&#xCBE;&#xCB0;&#xCC6;. &#xC95;&#xCBF;&#xCA8;&#xCCD;&#xCA8;&#xCB0;&#xCBF; &#xC9C;&#xCCB;&#xC97;&#xCBF;, &#xCA1;&#xCAC;&#xCCD;&#xCAC;&#xCBE; &#xC9C;&#xCCB;&#xC97;&#xCBF;, &#xCA8;&#xCB0;&#xCB8;&#xCA3;&#xCCD;&#xCA3; &#xC9C;&#xCCB;&#xC97;&#xCBF; &#xC8E;&#xC82;&#xCAC; &#xCB9;&#xCC6;&#xCB8;&#xCB0;&#xCC1;&#xC97;&#xCB3;&#xCBF;&#xC82;&#xCA6;&#xCB2;&#xCC2; &#xC97;&#xCC1;&#xCB0;&#xCC1;&#xCA4;&#xCBF;&#xCB8;&#xCB2;&#xCCD;&#xCAA;&#xCA1;&#xCC1;&#xCA4;&#xCCD;&#xCA4;&#xCBE;&#xCB0;&#xCC6; . &#xC95;&#xCC1;&#xC82;&#xCAC;&#xCB3;&#xC95;&#xCBE;&#xCAF;&#xCBF; &#xC85;&#xCA5;&#xCB5;&#xCBE; &#xCB8;&#xCCB;&#xCB0;&#xCC6;&#xC95;&#xCBE;&#xCAF;&#xCBF;&#xCAF;&#xCBF;&#xC82;&#xCA6; &#xCAE;&#xCBE;&#xCA1;&#xCBF;&#xCA6; &#xCB9;&#xC82;&#xCA1;&#xCBF; &#xCB9;&#xCC6;&#xCB8;&#xCB0;&#xCBF;&#xCA8; &#xCA4;&#xC82;&#xCAC;&#xCC2;&#xCB0;&#xCBF;&#xCAF;&#xCA8;&#xCCD;&#xCA8;&#xCC1; &#xCA8;&#xCC1;&#xCA1;&#xCBF;&#xCB8;&#xCC1;&#xCA4;&#xCCD;&#xCA4;&#xCBE;, &#xCB9;&#xCBE;&#xCA1;&#xCC1; &#xCB9;&#xCBE;&#xCA1;&#xCC1;&#xCA4;&#xCCD;&#xCA4;&#xCBE; &#xCAD;&#xCBF;&#xC95;&#xCCD;&#xCB7;&#xCBE;&#xC9F;&#xCA8;&#xCC6; &#xCAE;&#xCBE;&#xCA1;&#xCC1;&#xCA4;&#xCCD;&#xCA4;&#xCBE; &#xCA4;&#xCAE;&#xCCD;&#xCAE; &#xCAC;&#xCA6;&#xCC1;&#xC95;&#xCA8;&#xCCD;&#xCA8;&#xCC1; &#xC95;&#xC9F;&#xCCD;&#xC9F;&#xCBF;&#xC95;&#xCCA;&#xCB3;&#xCCD;&#xCB3;&#xCC1;&#xCA4;&#xCCD;&#xCA4;&#xCBE;&#xCB0;&#xCC6;</subfield>
  </datafield>
  <datafield tag="650" ind1=" " ind2=" ">
    <subfield code="a">jogi</subfield>
    <subfield code="9">244128</subfield>
  </datafield>
  <datafield tag="650" ind1=" " ind2=" ">
    <subfield code="a">Handi</subfield>
    <subfield code="9">244129</subfield>
  </datafield>
  <datafield tag="690" ind1=" " ind2=" ">
    <subfield code="a">Social Groups</subfield>
    <subfield code="9">244130</subfield>
  </datafield>
  <datafield tag="906" ind1=" " ind2=" ">
    <subfield code="a">064400</subfield>
  </datafield>
  <datafield tag="942" ind1=" " ind2=" ">
    <subfield code="2">ddc</subfield>
    <subfield code="c">BK</subfield>
  </datafield>
  <datafield tag="999" ind1=" " ind2=" ">
    <subfield code="c">116391</subfield>
    <subfield code="d">116391</subfield>
  </datafield>
  <datafield tag="952" ind1=" " ind2=" ">
    <subfield code="0">0</subfield>
    <subfield code="1">0</subfield>
    <subfield code="4">0</subfield>
    <subfield code="7">0</subfield>
    <subfield code="8">Kannada</subfield>
    <subfield code="a">AL</subfield>
    <subfield code="b">AL</subfield>
    <subfield code="c">Sociology</subfield>
    <subfield code="d">2021-02-17</subfield>
    <subfield code="e">Kannada Pustaka Pradikara, Bengaluru-560002</subfield>
    <subfield code="g">55.00</subfield>
    <subfield code="l">0</subfield>
    <subfield code="o">305.895487K KANH</subfield>
    <subfield code="p">064400</subfield>
    <subfield code="r">2021-02-17 00:00:00</subfield>
    <subfield code="w">2021-02-17</subfield>
    <subfield code="y">BK</subfield>
  </datafield>
</record>
